| 000 | 01043nam a22003857a 4500 | ||
|---|---|---|---|
| 001 | BR0504166 | ||
| 003 | BR-BrBNA | ||
| 005 | 20230928102011.0 | ||
| 007 | ta | ||
| 008 | 230509b bl.||||| |||| 00| 0 por d | ||
| 040 |
_aBR-BrBNA _bpor _cBiblioteca Nacional de Agricultura |
||
| 041 | _a(Por) | ||
| 072 | _aE14; K10 | ||
| 090 | _ E14 BR0504166 | ||
| 100 | 1 | _aAlencar, A. | |
| 100 | 1 | _aNepstad, D. | |
| 100 | 1 | _aMcGrath, P. | |
| 100 | 1 | _aMoutinho, P. | |
| 100 | 1 | _aPacheco, P. | |
| 100 | 1 | _aDiaz, M. del C.V. | |
| 100 | 1 | _aSoares Filho, B. | |
| 245 | 1 | _aDesmatamento da Amazônia: indo além da "emergência crônica" | |
| 260 | 3 |
_aBelém, PA (Brasil): _c2004. |
|
| 300 | _a85 p. | ||
| 500 | _aBibliography p. 79-85; 24 illus. | ||
| 650 | _aFLORESTA | ||
| 650 | _aDESMATAMENTO | ||
| 650 | _aPROJETO DE DESENVOLVIMENTO | ||
| 650 | _aDESENVOLVIMENTO SÓCIO-ECONÔMICO | ||
| 650 | _aMEIO AMBIENTE | ||
| 650 | _aAGRICULTURA FAMILIAR | ||
| 650 | _aAMAZÔNIA | ||
| 909 |
_a202309 _bLucia _c55 _dLucia Elande |
||
| 942 | _cBK | ||
| 999 |
_c68636 _d68636 |
||